| 000 | 00736nam a22002177a 4500 | ||
|---|---|---|---|
| 999 |
_c179926 _d179926 |
||
| 005 | 20210716150636.0 | ||
| 010 | _aB-740607 | ||
| 020 |
_a9789385676130 _c575.00 |
||
| 035 | _aB-740607 | ||
| 037 | _bGift | ||
| 082 | 1 | 4 | _a330.1 |
| 100 | 1 | _aAhjua, H.L. | |
| 245 | 1 |
_aModern microeconomics: _btheory and applications / _cby H.L. Ahuja |
|
| 250 | _a19th ed. | ||
| 260 |
_aNew Delhi _bS. Chand _c2018(rep.) |
||
| 270 |
_a7361, Ram Nagar, Qutub Road _bNew Delhi _e110055 |
||
| 300 |
_axvi, 957p.: _bill. _c24cm(pbk) |
||
| 505 | _abased on UGC new model syllabi | ||
| 942 |
_adpl _cEN _2ddc _h330.1 _mAHU |
||